000 00574nam a22001817a 4500
005 20230208072753.0
008 230208b |||||||| |||| 00| 0 eng d
020 _a978-0-07-107891
082 _a394.206895 M478 2010
100 _aMcCartney, Glenn
_eauthor
245 _aEvent management:
_ban asian perspective /
_cGlenn McCartney
260 _aSingapore:
_bMcGraw-Hill,
_cc2010
300 _axxii, 447p.:
_bill.
504 _aIncludes bibliographical references and index
541 _e1861
650 _aSpecial events - Management - Asia
650 _aSpecial events - Asia
999 _c974
_d974